Paroles de Il en faut peut pour être heureux - Le Livre de la Jungle - Statistiques

Statistiques générales
  • Ce quiz a été pris 69 fois
  • Le résultat moyen est 205 sur 282
Statistiques - réponses
Personnage Paroles % Correct
en
100%
et
100%
Et
100%
être
100%
faut
100%
heureux
100%
heureux !
100%
heureux.
100%
heureux ?
100%
Baloo | Baloo et Mowgli Il
100%
peu
100%
peu,
100%
pour
100%
Baloo | Mowgli Pour
100%
se
98%
très
98%
Très
98%
Vraiment
98%
vraiment
98%
de
96%
du
96%
ne
96%
la
94%
nécessaire
94%
satisfaire
94%
Un
94%
un
94%
nature
92%
nous
92%
Que
88%
soleil.
88%
verdure
88%
Ce
87%
est
87%
Est
87%
fraîche
87%
le
87%
ma
87%
d'eau
85%
les
85%
Baloo | Mowgli Mais
85%
miel
85%
Ça
83%
des
83%
Des
83%
Je
83%
je
83%
jungle
79%
prodigue
79%
sous
79%
tout
79%
toute
79%
dans
77%
rayons
77%
maison
75%
Quelques
75%
bon,
73%
bon
73%
bon !
73%
forêt
71%
moi
71%
quand
71%
oui !
69%
oui
69%
sais
67%
dors
65%
fourmis
65%
gros
65%
caillou
63%
c'est
63%
C'est
63%
Toutes
63%
trouver
63%
abeilles
62%
bosquets
62%
dessous
62%
Butinent
60%
vie
58%
d'ordinaire
56%
doux,
56%
ours
56%
bien
54%
Si
54%
si
54%
vous
54%
côté
52%
tous
52%
Tous
52%
léché !
50%
léché.
50%
vos
50%
serez
48%
Essaye
46%
retourne
46%
une
46%
chantez
44%
sans
44%
soucis
44%
soucis...
44%
dansez,
42%
frondaisons
42%
Prenez
40%
Riez,
40%
tu
40%
esprit
38%
pas
38%
petit,
38%
Chassez
37%
faire
37%
fait
37%
oh !
37%
votre
37%
banane,
33%
cactus
33%
fruit
33%
attention
31%
beaucoup
31%
n'est
31%
peine
31%
plein
31%
Alors
29%
d'épines
29%
drame
29%
épines
29%
moins
29%
sautez,
29%
as-tu
27%
astuce
27%
fruits
27%
plus.
27%
compris ?
25%
Cueillir
23%
fais
21%
rapines
21%
t'en
21%
Lorsque
19%
Mowgli Aie !
17%
choses
17%
résolu
17%
verras
17%
Youpi
17%
Mowgli Youpi !
17%
l'on
15%
passe
15%
superflues
15%
chipez
13%
qu'tout
12%
Waouh !
2%
Aucun quiz correspondant
Distribution des résultats
% des personnes avec chaque résultat
Percentile par nombre de réponses
Votre historique - résultats
Vous n’avez pas pris ce quiz